Phê bình, bình luận văn học; T25 Văn học dân gian Việt Nam,thần thoại, truyền thuyết, truyện cổ tích, truyện cười
Сохранить в:
| Главный автор: | |
|---|---|
| Формат: | |
| Язык: | Undetermined |
| Опубликовано: |
Tp. HCM
Văn Nghệ
1997
|
| Предметы: | |
| Метки: |
Добавить метку
Нет меток, Требуется 1-ая метка записи!
|
| Thư viện lưu trữ: | Trung tâm Học liệu Trường Đại học Cần Thơ |
|---|
| LEADER | 00641nam a2200169Ia 4500 | ||
|---|---|---|---|
| 001 | CTU_45836 | ||
| 008 | 210402s9999 xx 000 0 und d | ||
| 082 | |a 809 | ||
| 082 | |b Ph250/T25 | ||
| 100 | |a Phê bình, bình luận văn học; T25 | ||
| 245 | 0 | |a Phê bình, bình luận văn học; T25 | |
| 245 | 0 | |b Văn học dân gian Việt Nam,thần thoại, truyền thuyết, truyện cổ tích, truyện cười | |
| 260 | |a Tp. HCM | ||
| 260 | |b Văn Nghệ | ||
| 260 | |c 1997 | ||
| 650 | |a folk literature, vietnamese - history and criticism | ||
| 980 | |a Trung tâm Học liệu Trường Đại học Cần Thơ | ||